Score 0/13 Timer 03:00
2 Plays Today
Scramble Word % Correct
AFFA
99.8%
NFUFUN
99.5%
ULOFFOUL
97.1%
HLFITFILTH
94.4%
GUNFSUFUNGUS
86.2%
UFSSREIFISSURE
57.1%
NGINFITIGNERPRFINGERPRINTING
21.8%
ANFECGRRAFRAGRANCE
16%
FORESTSRFORTRESS
14.5%
NFRTRSOUTIAFRUSTRATION
6.9%
BAFOTNLAMYFLAMBOYANT
6%
MOREWATERLFHFLAMETHROWER
2.9%
TAFISENTIICLOFELICITATIONS
1.6%
Remove Ads.
Support Sporcle.
Get the best of Sporcle when you Go Orange. This ad-free experience offers more features, more stats, and more fun while also helping to support Sporcle. Thank you for becoming a member.

You're not logged in!

Compare scores with friends on all Sporcle quizzes.
OR
Log In

Show Comments

Extras

Top Quizzes Today


Score Distribution

Your Account Isn't Verified!

In order to create a playlist on Sporcle, you need to verify the email address you used during registration. Go to your Sporcle Settings to finish the process.

Report this User

Report this user for behavior that violates our Community Guidelines.

Details: